Представление документа в формате MARC21

Поле Инд. ПП Название Значение
Тип записи a
Библиографический уровень b
001 Контрольный номер RU/IS/BASE/264552727
005 Дата корректировки 20200608194421.7
008 Кодируемые данные 19951026
084 a Индекс другой классификации/Индекс ББК 66.09; 66.0
097 00 a 750
100 10 a Автор Федотов А. П.
245 00 a Заглавие Глобальный кризис и новое содержание понятия "политика"
650 a Основная рубрика политика
a Основная рубрика политология
653 00 a Ключевые слова биосфера
a Ключевые слова глобализм
a Ключевые слова глобалистика
a Ключевые слова глобальные кризисы
a Ключевые слова мировая система
a Ключевые слова цивилизация
773 00 t Заглавие источника Социально-политический журнал
d Дата издания источника 1995
g Прочая информация № 2. - С. 204 - 210
w Контрольный № источника RU/IS/BASE/141310091
901 t Тип документа b